Managing employee performance problems / (Record no. 1437)

MARC details
000 -LEADER
fixed length control field 00982cam a2200301 a 4500
005 - DATE AND TIME OF LATEST TRANSACTION
control field 20260322212100.0
008 - FIXED-LENGTH DATA ELEMENTS--GENERAL INFORMATION
fixed length control field data
010 ## - LIBRARY OF CONGRESS CONTROL NUMBER
LC control number 97065302
020 ## - INTERNATIONAL STANDARD BOOK NUMBER
International Standard Book Number 1560524286
020 ## - INTERNATIONAL STANDARD BOOK NUMBER
International Standard Book Number 9781560524281
040 ## - CATALOGING SOURCE
Original cataloging agency OOxM
Transcribing agency OOxM
Modifying agency DLC
-- DLC
042 ## - AUTHENTICATION CODE
Authentication code lccopycat
050 04 - LIBRARY OF CONGRESS CALL NUMBER
Classification number HF5549.5.E42
Item number T66 1996
082 00 - DEWEY DECIMAL CLASSIFICATION NUMBER
Classification number 658.3/045
Edition information 21
092 ## - LOCALLY ASSIGNED DEWEY CALL NUMBER (OCLC)
Classification number 658.3045 T66 1996
001 - CONTROL NUMBER
control field data
100 1# - MAIN ENTRY--PERSONAL NAME
Personal name Tompkins, Neville C.
245 10 - TITLE STATEMENT
Title Managing employee performance problems /
Statement of responsibility, etc. Neville C. Tompkins.
260 ## - PUBLICATION, DISTRIBUTION, ETC.
Place of publication, distribution, etc. Menlo Park, Calif. :
Name of publisher, distributor, etc. Crisp,
Date of publication, distribution, etc. c1997.
300 ## - PHYSICAL DESCRIPTION
Extent v, 152 p. ;
Dimensions 24 cm.
650 #0 - SUBJECT ADDED ENTRY--TOPICAL TERM
Topical term or geographic name entry element Problem employees.
650 #0 - SUBJECT ADDED ENTRY--TOPICAL TERM
Topical term or geographic name entry element Personnel management.
856 7# - ELECTRONIC LOCATION AND ACCESS
Materials specified Table of contents
Uniform Resource Identifier <a href="http://lcweb.loc.gov/catdir/toc/97-65302.html">http://lcweb.loc.gov/catdir/toc/97-65302.html</a>
Access method http
906 ## - LOCAL DATA ELEMENT F, LDF (RLIN)
a 7
b cbc
c copycat
d 2
e opcn
f 19
g y-gencatlg
922 ## -
-- co
991 ## -
-- c-GenColl
-- HF5549.5.E42
-- T66 1996
-- Copy 1
-- BOOKS
Holdings
Withdrawn status Lost status Damaged status Not for loan Home library Current library Shelving location Date acquired Total checkouts Full call number Barcode Date last seen Price effective from Koha item type
        Springfield Springfield General stacks 22/03/2026   658.3/045 21 BC0011484 22/03/2026 22/03/2026 Books